| 000 | 00507cam a2200169 a 4500 | ||
|---|---|---|---|
| 020 | _a089588349X (pbk.) : | ||
| 082 | 0 | 0 |
_a005.7565 _bSMI _cMCEL02,p-114. |
| 100 | 1 |
_aSimpson, Alan, _936892 |
|
| 245 | 1 | 0 |
_aUnderstanding dBase III plus / _cAlan Simpson. |
| 260 |
_aBerkeley : _bSYBEX, _cc1986. |
||
| 300 |
_axxiv, 415 p. : _bcol. ill. ; _c23 cm. |
||
| 500 | _aIncludes index. | ||
| 526 |
_a0 _b0 _c0 _d005_756500000000000_SMI |
||
| 650 | 0 |
_aDatabase management. _918068 |
|
| 650 | 0 |
_aMCE _9379 |
|
| 942 |
_2ddc _cBK |
||
| 999 |
_c541843 _d541843 |
||